Darul Uloom Deoband Website Directions Save Darul Uloom Deoband Website Directions (Record no. 397283)
[ view plain ]
| 000 -LEADER | |
|---|---|
| fixed length control field | 00773nam a2200241Ia 4500 |
| 003 - CONTROL NUMBER IDENTIFIER | |
| control field | OSt |
| 005 - DATE AND TIME OF LATEST TRANSACTION | |
| control field | 20220924115221.0 |
| 008 - FIXED-LENGTH DATA ELEMENTS--GENERAL INFORMATION | |
| fixed length control field | 220923b |||||||| |||| 00| 0 ben d |
| 037 ## - SOURCE OF ACQUISITION | |
| Terms of availability | Textual |
| 040 ## - CATALOGING SOURCE | |
| Original cataloging agency | ARTS |
| Transcribing agency | ARTS |
| Language of cataloging | ben |
| 041 ## - LANGUAGE CODE | |
| Source of code | ben |
| Language code of text/sound track or separate title | ben |
| 100 ## - MAIN ENTRY--PERSONAL NAME | |
| Personal name | Al-Farooqi Zubair Ahmad Au. |
| 9 (RLIN) | 177235 |
| 245 #0 - TITLE STATEMENT | |
| Title | Darul Uloom Deoband Website Directions Save Darul Uloom Deoband Website Directions |
| 260 ## - PUBLICATION, DISTRIBUTION, ETC. | |
| Place of publication, distribution, etc. | Delhi |
| Name of publisher, distributor, etc. | Al-Jadidia India |
| Date of publication, distribution, etc. | 1990 |
| 300 ## - PHYSICAL DESCRIPTION | |
| Extent | 276p. |
| Dimensions | cm. |
| 650 ## - SUBJECT ADDED ENTRY--TOPICAL TERM | |
| Topical term or geographic name entry element | ARABIC LITERATURE |
| 942 ## - ADDED ENTRY ELEMENTS (KOHA) | |
| Classification part | O28v2,N9, N0 |
| Koha item type | Textual |
| Source of classification or shelving scheme | Colon Classification (CC) |
| Withdrawn status | Lost status | Damaged status | Not for loan | Home library | Current library | Date acquired | Total Checkouts | Full call number | Barcode | Date last seen | Price effective from | Koha item type |
|---|---|---|---|---|---|---|---|---|---|---|---|---|
| Arts Library | Arts Library | 2022-09-24 | O28v2,N9 N0 | AL1064056 | 2022-09-24 | 2022-09-24 | Textual |
